Les oiseaux du Jardin - Statistiques

Statistiques générales
  • Ce quiz a été pris 116 fois
  • Le résultat moyen est 9 sur 16
Statistiques - réponses
Par images Réponse % Correct
Rouge-Gorge
99%
Pigeon
95%
Merle
91%
Moineau
87%
Mésange Bleue
72%
Geai
59%
Étourneau
58%
Pinson
55%
Pic Épeiche
42%
Faucon Crécerelle
40%
Chouette Chevêche
33%
Huppe Fasciée
30%
Bouvreuil Pivoine
29%
Hirondelle Rustique
28%
Mésange Huppée
26%
Bruant Jaune
19%
Aucun quiz correspondant
Distribution des résultats
% des personnes avec chaque résultat
Percentile par nombre de réponses
Votre historique - résultats
Vous n’avez pas pris ce quiz